10 Random Months - Blind Ranking - Statistics

General Stats
  • This quiz has been taken 8,860 times
  • The average score is 7 of 10
Answers on the Map
Answers color-coded by a green-red scale on the quiz's map according to % correct below.
 
Answer Stats
Months % Correct
February
72%
April
71%
August
71%
March
71%
January
70%
July
69%
June
69%
May
69%
October
69%
September
69%
November
68%
December
66%
No matching quizzes found
Score Distribution
Percent of People with Each Score
Percentile by Number Answered
Your Score History
You have not taken this quiz